| 000 | 00642nam a2200229Ia 4500 | ||
|---|---|---|---|
| 003 | OSt | ||
| 005 | 20220928111223.0 | ||
| 006 | a|||||r|||| 00| 0 | ||
| 007 | ta | ||
| 008 | 220927b |||||||| |||| 00| 0 hin d | ||
| 024 | _a61911 | ||
| 037 | _cTextual | ||
| 040 |
_aSDCL _cSDCL _bhin |
||
| 041 |
_2hin _ahin |
||
| 082 | _aNA2,8:(Q:458), P7 | ||
| 100 |
_aGovind _9422822 |
||
| 245 | 0 |
_aKala nidhi _b Devalyarth shikhar va dhwaja dandadi pratishtha vidhi |
|
| 260 |
_aDelhi _bParimal Publications _c2007 |
||
| 300 |
_a7,157p _ccm. |
||
| 942 |
_hNA2,8:(Q:458), P7 _cTEXL _2CC |
||
| 999 |
_c739241 _d739241 |
||